| 000 | 00649nam a22001817a 4500 | ||
|---|---|---|---|
| 999 |
_c186522 _d186522 |
||
| 005 | 20220308124654.0 | ||
| 010 | _aENG-131881 | ||
| 020 |
_a9789389253559 _c399.00 |
||
| 035 | _aEN-115413 | ||
| 037 | _bDBAD/PUB | ||
| 082 |
_a880 _b1 |
||
| 100 | _aJayaraman,Gayatri | ||
| 245 |
_aSit , Your Self down; _bA Novice's journey into the heart of vipassana/ _cGayatri ,Jayaraman |
||
| 260 |
_bHachette book Publishing India pvt. Ltd _aGurugram _c2020 |
||
| 270 |
_a4th &5th Floors, Corporate Center plot no. 94 Sector 44, _bGurugram _e122003 |
||
| 300 |
_axi,212p. _c20cm(Pbk) _bEpilogue, Acknowledgements |
||
| 942 |
_2ddc _cEN _h880 _mJAY |
||